Knight moves - Sudden death - Statistics

General Stats
  • This quiz has been taken 28 times
  • The average score is 27 of 48
Answers on the Grid
Answers color-coded by a green-red scale on the quiz's grid according to % correct below.
 
Answer Stats
Answer % Correct
94%
78%
72%
67%
67%
67%
61%
61%
61%
61%
61%
61%
61%
61%
61%
61%
56%
56%
56%
56%
56%
56%
56%
56%
56%
56%
56%
56%
56%
56%
56%
56%
50%
50%
50%
50%
50%
50%
50%
50%
44%
44%
44%
39%
39%
39%
33%
33%
No matching quizzes found
Score Distribution
Percent of People with Each Score
Percentile by Number Answered
Your Score History
You have not taken this quiz